[Event "Natal University Circuito Potiguar I"]
[Site "Natal"]
[Date "2017.04.08"]
[Round "2.13"]
[White "Da Silva, Karina Ingryd Olive"]
[Black "Da Silva, Rafael Moura Cunha"]
[Result "1/2-1/2"]
[WhiteElo "1481"]
[BlackElo "1800"]
[PlyCount "27"]
[EventDate "2017.04.07"]
[EventType "swiss"]
[EventRounds "5"]
[EventCountry "BRA"]
[SourceTitle "EXT 2022"]
[Source "ChessBase"]
[SourceDate "2021.10.06"]
[SourceVersion "1"]
[SourceVersionDate "2021.10.06"]
[SourceQuality "1"]

1. e4 c5 2. c3 Nc6 3. d4 cxd4 4. cxd4 d6 5. Nc3 Nf6 6. Be2 a6 7. Nf3 g6 8. 0-0 Bg7 9. h3 0-0 10. Be3 d5 11. e5 Ne4 12. Qc1 Bf5 13. Bh6 Nb4 14. Bxg7 1/2-1/2